|
|
|
|
| LEADER |
03576nas a22006972i 4500 |
| 001 |
000876598 |
| 003 |
CZ BrMZK |
| 005 |
20150610155849.0 |
| 007 |
ta |
| 008 |
071205c20079999xr x cze |
| 035 |
|
|
|a (OCoLC)228500541
|
| 040 |
|
|
|a BOA001
|b cze
|e rda
|
| 041 |
0 |
|
|a cze
|a slo
|b eng
|
| 072 |
|
7 |
|a 351
|x Úkoly veřejné správy, správní opatření, legislativa
|2 Konspekt
|9 15
|
| 080 |
|
|
|a 351.712
|2 MRF
|
| 080 |
|
|
|a 334.752:334.012.32/.33
|2 MRF
|
| 080 |
|
|
|a (437.3)
|2 MRF
|
| 080 |
|
|
|a (4)
|2 MRF
|
| 080 |
|
|
|a (062.534)
|2 MRF
|
| 111 |
2 |
|
|a Veřejné zakázky a PPP projekty (konference)
|d (2012 :
|c Brno, Česko)
|7 pna2012716767
|
| 245 |
1 |
0 |
|a Veřejné zakázky a PPP projekty - potřebnost změny právní úpravy v EU a v ČR :
|b sborník příspěvků z mezinárodní vědecké konference
|
| 246 |
3 |
|
|a Sborník příspěvků z mezinárodní vědecké konference "Veřejné zakázky a PPP projekty - potřebnost změny právní úpravy v EU a v ČR"
|
| 246 |
3 |
0 |
|a Konference Veřejné zakázky a PPP projekty
|
| 264 |
|
1 |
|a V Brně :
|b Mendelova zemědělská a lesnická univerzita,
|c 2007-
|
| 300 |
|
|
|a ^^^ svazků ;
|c 21 cm
|
| 310 |
|
|
|a Nepravidelně
|
| 336 |
|
|
|a text
|b txt
|2 rdacontent
|
| 336 |
|
|
|a text
|b txt
|2 rdacontent
|
| 337 |
|
|
|a bez média
|b n
|2 rdamedia
|
| 337 |
|
|
|a počítač
|b c
|2 rdamedia
|
| 338 |
|
|
|a svazek
|b nc
|2 rdacarrier
|
| 338 |
|
|
|a počítačový disk
|b cd
|2 rdacarrier
|
| 500 |
|
|
|a Jednotlivé svazky mají vlastní ISBN
|
| 500 |
|
|
|a Změna místa vyd. a vydavatele podle místa konání konference
|
| 500 |
|
|
|a Od r. 2011 též na CD-ROMu
|
| 500 |
|
|
|a Obálkový podnázev: sborník z ... ročníku mezinárodní vědecké konference
|
| 504 |
|
|
|a Obsahuje bibliografie, bibliografické odkazy a odkazy na související právní předpisy
|
| 541 |
|
|
|c pv-r
|
| 541 |
|
|
|c pv-cdr
|
| 546 |
|
|
|a Část. slovenský text, anglická resumé
|
| 650 |
0 |
7 |
|a veřejné zakázky
|7 ph127085
|z Česko
|2 czenas
|
| 650 |
0 |
7 |
|a veřejné zakázky
|7 ph127085
|z země Evropské unie
|2 czenas
|
| 650 |
0 |
7 |
|a veřejně-soukromá partnerství
|7 ph367700
|z Česko
|2 czenas
|
| 655 |
|
7 |
|a sborníky konferencí
|7 fd133333
|2 czenas
|
| 710 |
2 |
|
|a Mendelova zemědělská a lesnická univerzita.
|b Ústav práva a humanitních věd
|7 kn20071213008
|
| 902 |
|
|
|a 978-80-7375-083-1
|q (2007)
|
| 902 |
|
|
|a 978-80-7380-121-2
|q (2008)
|
| 902 |
|
|
|a 978-80-254-9897-2
|q (2011 :
|q CD-ROM)
|
| 902 |
|
|
|a 978-80-260-2207-7
|q (2012 :
|q CD-ROM)
|
| 902 |
|
|
|a 978-80-904990-3-4
|q (2014 :
|q CD-ROM)
|
| 902 |
|
|
|a 978-80-904990-9-6
|q (2015 :
|q CD-ROM)
|
| 910 |
|
|
|a BOA001
|b 2-1190.779
|r 2007-
|b CDR-1284.119
|
| 952 |
|
|
|a e-xr-jm
|
| 990 |
|
|
|a SE
|
| 991 |
|
|
|b 200903
|
| 996 |
6 |
|
|b 2610326753
|c 2-1190.779
|d 2007
|v 2007
|y 2007
|l MZK
|r Sklad / do 1 hodiny
|n 5
|p p.v.
|w 000876598
|u 000010
|a 1
|e BOA001
|j MZK50
|s P
|
| 996 |
6 |
|
|b 2610369103
|c 2-1190.779
|d 2008
|v 2008
|y 2008
|l MZK
|r Sklad / do 1 hodiny
|n 6
|p p.v.
|w 000876598
|u 000020
|a 1
|e BOA001
|j MZK50
|s P
|
| 996 |
3 |
|
|b 2610517261
|c CDR-1284.119
|d 2011
|v 2011
|y 2011
|l Stud. periodik/2.patro
|r Sklad / do 1 hodiny
|n 0
|p cdr-p.v.
|w 000876598
|u 000030
|a 1
|e BOA001
|j MZK50
|s N
|
| 996 |
3 |
|
|b 2610517601
|c CDR-1284.119
|d 2012
|v 2012
|y 2012
|l Stud. periodik/2.patro
|r Sklad / do 1 hodiny
|n 0
|p cdr-p.v.
|w 000876598
|u 000040
|a 1
|e BOA001
|j MZK50
|s N
|
| 996 |
3 |
|
|b 2610598644
|c CDR-1284.119
|d 2014
|v 2014
|y 2014
|l Stud. periodik/2.patro
|r Sklad / do 1 hodiny
|n 1
|p cdr-p.v.
|w 000876598
|u 000050
|a 1
|e BOA001
|j MZK50
|s N
|
| 996 |
3 |
|
|b 2610636155
|c CDR-1284.119
|d 2015
|v 2015
|y 2015
|l Stud. periodik/2.patro
|r Sklad / do 1 hodiny
|n 1
|p cdr-p.v.
|w 000876598
|u 000060
|a 1
|e BOA001
|j MZK50
|s N
|